000 00903nam a2200301Ia 4500
001 72128
003 IT-RoPAU
008 130308s9999 xx 000 0 und d
040 _aIT-RoPAU
040 _cIT-RoPAU
041 _aITALIANO
100 _aRaimondo Carlo
100 _gCodice Aut. SPICS: 34489
245 _aProduzione cinematografica pubblicitaria (La)
245 _bIndustria Dello spot (L')-1988
250 _a1a ed.
260 _aMILANO
260 _bComunicare
260 _c1988 [1° Ed.:1988 - Ed.Ling.Originale:1988]
300 _a"11 p. (prefazione: no ; testo: 11 [pagine: 4-14])"
500 _aValore delle produzioni Pubblicitarie cine Televisive. investimenti Pubblicitari. spot e Auditel. spot in Tv: utenti e Settori.
650 _aSAGGI DI PUBBLICITA'
650 _eCodice materia Spics: 6211
942 _cBK
957 _71
999 _c48845
_d48845
999 _bSI
999 _g1